Tính toán công nghệ sản xuất các chất vô cơ: T2
שמור ב:
| מחבר ראשי: | |
|---|---|
| פורמט: | ספר |
| שפה: | Undetermined |
| יצא לאור: |
Hà Nội
KHKT
1983
|
| נושאים: | |
| תגים: |
הוספת תג
אין תגיות, היה/י הראשונ/ה לתייג את הרשומה!
|
| Thư viện lưu trữ: | Trung tâm Học liệu Trường Đại học Cần Thơ |
|---|
| LEADER | 00609nam a2200181Ia 4500 | ||
|---|---|---|---|
| 001 | CTU_11427 | ||
| 008 | 210402s9999 xx 000 0 und d | ||
| 082 | |a 661.1 | ||
| 082 | |b Đ813/T2 | ||
| 100 | |a P V Dybina | ||
| 245 | 0 | |a Tính toán công nghệ sản xuất các chất vô cơ: T2 | |
| 245 | 0 | |c P V Dybina, A S Soloveva, Yu I Visnyak; Dịch giả: nguyễn An | |
| 260 | |a Hà Nội | ||
| 260 | |b KHKT | ||
| 260 | |c 1983 | ||
| 650 | |a chemical industry,chemistry, inorganic | ||
| 904 | |i Nguyễn Quang Điền, 961022 | ||
| 980 | |a Trung tâm Học liệu Trường Đại học Cần Thơ | ||